| 000 | 00799cab a2200205 4500 | ||
|---|---|---|---|
| 001 | ABS39851 | ||
| 008 | 090401t1988 xxu||||| |||| 00| 0 eng d | ||
| 035 | _a(Sirsi) u19417 | ||
| 041 | _aeng | ||
| 100 | _aAarons, L. | ||
| 245 | _aRetail lettings : key money or opportunity value? | ||
| 260 | _c1988 | ||
| 350 | _a0 | ||
| 490 |
_aEstates Gazette _v(8838) 24 September 1988, 113-116(2) |
||
| 520 | _aIdentifies problems a valuer may encounter in the valuation of premiums for retail property . Distinguishes between the level of premiums that pass on "non-trading" and "trading" commercial premises and suggests that key money would be better labelled as "opportunity value". | ||
| 650 | _aGOODWILL | ||
| 690 | _aLANDLORD AND TENANT-BUSINESS TENANCIES | ||
| 942 | _n0 | ||
| 948 | _c04/03/1997 | ||
| 999 |
_c12959 _d12959 |
||